Регионална библиотека "Любен Каравелов" - Русе

Социалистическа организация на труда в битовото обслужване (Запис номер 483985)

MARC детайли
000 -Лидер
Контролно поле с фиксирана дължина nam a22 a 4500
003 - Код на организацията, давaща контролен номер
Контролно поле BLK
005 - Дата и час на последна редакция
Контролно поле 20221205120621.0
008 - Елементи от данни с фиксирана дължина
fixed length control field 220418b bu |||||r|||| 00| | bu d
040 ## - Източник на каталожния запис
Идентификатор на билиотеката - собственик на записа BLK
041 ## - Код за език
Код за езика на текст/звукозапис или на отделно заглавие Български
Код за езика КДБФ Български
080 ## - УДК
Текстов определител УДК Организация на труда. Производителност на труда
УДК код - определител по УДК 658.3:331.1
УДК - код + определител 658.3:331.1
100 ## - Редна дума - Автор
R(LIN) 247490
Автор Панайотов, Димитър Петров
Авторска отговорност първи автор
139 ## - Редно поле
Редна дума Социалистическа организация на труда в битовото обслужване
245 ## - Сведения за заглавието
Заглавие Социалистическа организация на труда в битовото обслужване
Подзаглавни данни Уч. помагало : За системата на парт. просв. и икон. образование
Редно поле (дума) Д. Панайотов и др. ; състав. Иван Виденов
260 ## - Област на издателските данни
9 (RLIN) 211414
Място на издаване, разпространение и проч. София
Име на издателя, разпространителя и проч. Партиздат
Година на издаване 1980
300 ## - Физическа характеристика
Страници 140 с.
Размери/Мащаб 20 см
380 ## - Жанр
Жанр Обществени науки
490 ## - СЕРИИ (Колекции)
9 (RLIN) 205510
Име на серия За системата на икономическото образование
500 ## - Общи забележки
Забележка Други авт. : Кр. Опров, И. Копралев, Г. Костов, Р. Кралева, Кр. Петков, отбелязани на гърба на загл. с.
650 #0 - Допълнително описание по предмет – тема
9 (RLIN) 268239
Основно описание – тема или топоним Непроизводствена сфера
650 #7 - Допълнително описание по предмет – тема
9 (RLIN) 159084
Основно описание – тема или топоним Комунално стопанство
653 #7 - Ключова дума – ненормативна
9 (RLIN) 192915
Ключова дума организация на труда
700 1# - Други автори (авторска отговорност)
9 (RLIN) 47946
Лично име Виденов, Иван
Автороска отговорност (Описва отношението между автора и произведението) състав.
852 ## - Местоположение
Форматна сигнатура Цб 104595
Фондова буква Хранилище
856 ## - Електронен адрес и достъп
Инструкция (цена за достъп) 0.00
Права за достъп disable
999 ## - СИСТЕМНИ КОНТРОЛНИ НОМЕРА
Koha biblionumber 483985
Koha biblioitemnumber 483985
942 ## - АРТИКУЛИ
Вид на библиотечния материал Книги
Скрит в OPAC Не
Периодичен библиозапис Да
944 ## - СЪЗДАВАНЕ И РЕДАКЦИЯ на ЗАПИСА
Създаване/Редакция Създаване
Дата на регистрацията/редакция 2022-12-05
Служител, извършил регистрацията/редакцията нр
Наличности
Код за отписване Код за изгубен артикул Източник на класификационната схема Код за повреда Коз за рестрикции Код за отдаване Артикулен № Име на библиотеката - собственик Име на библиотеката, в която се намира в момента Статус (Текущо местоположение) Дата на вписване в системата Местоположение - отдел Цена в лева Инвентарен номер Систематично азбучна сигнатура Баркод Цена в евро Служебен тип на артикула
  Не е изгубен Universal Decimal Classification Не е повреден само за читалня ползва се в читалня 915700 Регионална библиотека "Любен Каравелов" Русе Регионална библиотека "Любен Каравелов" Русе Хранилище 2022-12-06 Хранилище 0.62 309386 Цб 104595 120000309386 0.32 Книги
Vip Innovations Ltd, Rousse, Bulgaria 2025